Iodine-labeled plasma proteins / (Record no. 16691)

000 -LEADER
fixed length control field 00453cam a2200181 a 4500
020 ## - INTERNATIONAL STANDARD BOOK NUMBER
ISBN 0849365562 (v. 1)
040 ## - CATALOGING SOURCE
Transcribing agency NLM
082 ## - DEWEY DECIMAL CLASSIFICATION NUMBER
Classification number 612 CRC 1984 A110 Or.
100 10 - MAIN ENTRY--AUTHOR NAME
Personal name Regoeczi, Erwin,
245 10 - TITLE STATEMENT
Title Iodine-labeled plasma proteins /
260 0# - PUBLICATION, DISTRIBUTION, ETC. (IMPRINT)
Place of publication Boca Raton, Fla. :
Name of publisher CRC Press,
Year of publication c1984-
300 ## - PHYSICAL DESCRIPTION
Number of Pages v. :
Other physical details ill
650 #2 - SUBJECT ADDED ENTRY--TOPICAL TERM
Topical Term Blood Proteins
650 #2 - SUBJECT ADDED ENTRY--TOPICAL TERM
Topical Term Iodine
650 #2 - SUBJECT ADDED ENTRY--TOPICAL TERM
Topical Term Iodine Radioisotopes
650 #2 - SUBJECT ADDED ENTRY--TOPICAL TERM
Topical Term Isotope Labeling
942 ## - ADDED ENTRY ELEMENTS (KOHA)
Koha item type សៀវភៅភាសាអង់គ្លេស
952 ## - LOCATION AND ITEM INFORMATION (KOHA)
Withdrawn status [LOCAL, KOHA] 0
952 ## - LOCATION AND ITEM INFORMATION (KOHA)
Withdrawn status [LOCAL, KOHA] 0
Holdings
Permanent Location Date acquired Koha item type Lost status Shelving location Barcode Current Location Full call number
Library Block A2018-03-27សៀវភៅភាសាអង់គ្លេស A107A18089Library Block A612 CRC 1984 A107 Or.
Library Block A2018-03-27សៀវភៅភាសាអង់គ្លេស A107A18839Library Block A612 CRC 1984 A107 Or.
មជ្ឈមណ្ឌលឯការនៃសាកលវិទ្យាល័យភូមិន្ទកសិកម្មចំការដូង

Powered by Koha